Raunchy / (Record no. 43749)

MARC details
000 -LEADER
fixed length control field 00931njm a22002417a 4500
005 - DATE AND TIME OF LATEST TRANSACTION
control field 20100904124045.0
006 - FIXED-LENGTH DATA ELEMENTS--ADDITIONAL MATERIAL CHARACTERISTICS--GENERAL INFORMATION
fixed length control field a|||||r|||||00| 0
007 - PHYSICAL DESCRIPTION FIXED FIELD--GENERAL INFORMATION
fixed length control field sd ammalaaahaa
008 - FIXED-LENGTH DATA ELEMENTS--GENERAL INFORMATION
fixed length control field 100830t xxu||||| |||| 00| 0 eng d
028 ## - PUBLISHER NUMBER
Publisher number HLD.8522
Source London Americal Recordings
035 ## - SYSTEM CONTROL NUMBER
System control number GR-576
040 ## - CATALOGING SOURCE
Original cataloging agency SED
Transcribing agency SED
100 ## - MAIN ENTRY--PERSONAL NAME
9 (RLIN) 17814
245 ## - TITLE STATEMENT
Title Raunchy /
Statement of responsibility, etc by Billy Vaughn and his Orchestra
Medium [soung recording] :
246 ## - VARYING FORM OF TITLE
Title proper/short title रोंची /
260 ## - PUBLICATION, DISTRIBUTION, ETC. (IMPRINT)
Name of publisher, distributor, etc London American Recordings
300 ## - PHYSICAL DESCRIPTION
Extent 1 sound disc [Gramophone Recording] :
Other physical details analog, 33 1/3 rpm
Dimensions 9.5 in (MP)
Type of unit Gramophone Record
500 ## - GENERAL NOTE
General note Brief record
505 ## - FORMATTED CONTENTS NOTE
Formatted contents note Side-2 सैल अलोंग सिल्वेरी मून (Sail along silvery moon) (Billy Vaughn and his orchestra)
650 ## - SUBJECT ADDED ENTRY--TOPICAL TERM
Topical term following geographic name as entry element Motion Picture Music
General subdivision Excerpts.
Geographic subdivision India
9 (RLIN) 17460
942 ## - ADDED ENTRY ELEMENTS (KOHA)
Source of classification or shelving scheme Dewey Decimal Classification
Item type Gramaphone Records
Holdings
Withdrawn status Lost status Source of classification or shelving scheme Damaged status Not for loan Collection code Home library Current library Date acquired Source of acquisition Total Checkouts Barcode Date last seen Copy number Price effective from Koha item type
    Dewey Decimal Classification     Non-fiction Central Library Central Library 04/09/2010 SED/VEN   GR-576 04/09/2010 1 04/09/2010 Gramaphone Records

© Delhi Public Library
Hit Counter
free hit counter